000
00299nam a2200145Ia 4500
100
_a
Lathi/B.P
942
_c
BK
366
_f
20
245
_a
Principles of Linear systems and signals
260
_b
Oxford
_c
2009
082
_a
3.74
_b
LAT
300
_a
969
546
_a
ENGLISH
_c
TTL
999
_c
27125
_d
27125